[Event "NOR-chT Elite 2223"]
[Site "Norway"]
[Date "2022.11.12"]
[Round "2.24"]
[White "Johannessen, Leif Erlend"]
[Black "Rygg, Andreas Gangstad"]
[Result "1-0"]
[WhiteElo "2413"]
[BlackElo "1955"]
[PlyCount "95"]
[EventDate "2022.11.11"]
[EventType "team-tourn"]
[EventRounds "9"]
[EventCountry "NOR"]
[SourceTitle "CBM 211 Extra"]
[Source "ChessBase"]
[SourceDate "2023.01.31"]
[SourceVersion "1"]
[SourceVersionDate "2023.01.31"]
[SourceQuality "1"]
[WhiteTeam "OSS"]
[BlackTeam "Hell"]
[WhiteTeamCountry "NOR"]
[BlackTeamCountry "NOR"]

1. d4 d5 2. Nf3 Nf6 3. c4 e6 4. Nc3 Be7 5. Bg5 0-0 6. e3 b6 7. Rc1 Bb7 8. Bxf6 Bxf6 9. cxd5 exd5 10. Bd3 c6 11. 0-0 Nd7 12. b4 Rc8 13. Qb3 Re8 14. Rfd1 g6 15. Bb1 Nf8 16. a4 Ne6 17. Ba2 Qd6 18. b5 Red8 19. bxc6 Bxc6 20. Rc2 Ng5 21. Ne1 Qd7 22. Rdc1 Ne4 23. Nxe4 dxe4 24. Qxf7+ Qxf7 25. Bxf7+ Kxf7 26. Rxc6 Rxc6 27. Rxc6 Rd7 28. Kf1 Ke7 29. f3 exf3 30. Nxf3 Rd6 31. Rc7+ Rd7 32. Rc2 Kd6 33. e4 Bd8 34. Ke2 Rc7 35. Rxc7 Bxc7 36. Kd3 a6 37. Kc4 Ke6 38. d5+ Kf6 39. Kd4 h6 40. e5+ Kf7 41. d6 Bd8 42. Kd5 g5 43. e6+ Ke8 44. Ne5 b5 45. axb5 axb5 46. Nc6 Bb6 47. d7+ Kf8 48. e7+ 1-0

[Event "Hell op"]
[Site "Hell"]
[Date "2019.08.10"]
[Round "9"]
[White "Bentsen, Hakon"]
[Black "Rygg, Andreas Gangstad"]
[Result "1-0"]
[WhiteElo "2159"]
[BlackElo "1945"]
[PlyCount "137"]
[EventDate "2019.08.03"]
[EventType "swiss"]
[EventRounds "10"]
[EventCountry "NOR"]
[SourceTitle "CBM 191 Extra"]
[Source "ChessBase"]
[SourceDate "2019.09.30"]
[SourceVersion "1"]
[SourceVersionDate "2019.09.30"]
[SourceQuality "1"]

1. e4 c5 2. Nf3 g6 3. d4 cxd4 4. Nxd4 Nc6 5. c4 Bg7 6. Be3 Nf6 7. Nc3 Ng4 8. Qxg4 Nxd4 9. Qd1 Ne6 10. Qd2 0-0 11. Be2 d6 12. 0-0 Bd7 13. Rfd1 Bc6 14. Bf3 Re8 15. Nd5 Nc5 16. Bd4 Bxd4 17. Qxd4 Bxd5 18. exd5 Qb6 19. b3 Nd7 20. g3 Qxd4 21. Rxd4 Ne5 22. Be2 a5 23. Rb1 b6 24. f4 Nd7 25. Kf2 Nc5 26. Re1 e5 27. dxe6 Rxe6 28. Red1 Rd8 29. Bf3 Kf8 30. h4 f5 31. Bd5 Re7 32. h5 Kg7 33. Bf3 Re6 34. R4d2 Kf6 35. Rh1 Ne4+ 36. Bxe4 Rxe4 37. hxg6 hxg6 38. Rh7 Re7 39. Rxe7 Kxe7 40. Ke3 Kd7 41. Rh2 Re8+ 42. Kd2 Kc6 43. Rh6 Re6 44. Rh8 Re7 45. Rg8 Re6 46. Kd3 Kd7 47. Rg7+ Kc6 48. Rg8 Kd7 49. a3 Kc6 50. b4 axb4 51. axb4 b5 52. cxb5+ Kxb5 53. Kd4 Kc6 54. b5+ Kxb5 55. Kd5 Re3 56. Rxg6 Rd3+ 57. Ke6 d5 58. Kxf5 Re3 59. g4 Kc5 60. Rg8 d4 61. Rd8 d3 62. g5 Kc4 63. g6 Rg3 64. Kf6 Rg4 65. f5 Rd4 66. Rxd4+ Kxd4 67. g7 d2 68. g8Q d1Q 69. Qd8+ 1-0

[Event "Hell op"]
[Site "Hell"]
[Date "2019.08.09"]
[Round "8"]
[White "Rygg, Andreas Gangstad"]
[Black "Rasdal, Yngve"]
[Result "1-0"]
[WhiteElo "1945"]
[BlackElo "1864"]
[PlyCount "91"]
[EventDate "2019.08.03"]
[EventType "swiss"]
[EventRounds "10"]
[EventCountry "NOR"]
[SourceTitle "CBM 191 Extra"]
[Source "ChessBase"]
[SourceDate "2019.09.30"]
[SourceVersion "1"]
[SourceVersionDate "2019.09.30"]
[SourceQuality "1"]

1. e4 c5 2. Be2 Nc6 3. f4 e6 4. Nf3 d5 5. d3 dxe4 6. dxe4 Qxd1+ 7. Bxd1 b6 8. c3 Bb7 9. Bc2 Be7 10. 0-0 Nf6 11. Nbd2 0-0 12. e5 Nd5 13. Ne4 h6 14. Bd2 Rad8 15. Rad1 c4 16. Kf2 b5 17. Be3 Nxe3 18. Kxe3 Rxd1 19. Rxd1 Rd8 20. Rxd8+ Nxd8 21. Nd4 a6 22. g4 Kf8 23. f5 Ke8 24. f6 gxf6 25. Nxf6+ Kf8 26. Kf4 Kg7 27. g5 b4 28. Ne8+ Kh8 29. gxh6 bxc3 30. bxc3 Ba3 31. Ne2 Bg2 32. Nd6 f5 33. Nxc4 Be7 34. Ne3 Bb7 35. Bb3 Kh7 36. Kg3 Kxh6 37. Nf4 Bg5 38. Nc2 Kg7 39. Nxe6+ Nxe6 40. Bxe6 f4+ 41. Kf2 Bh4+ 42. Kf1 Kg6 43. Nd4 Be4 44. Ke2 Bd8 45. Bc4 a5 46. Bd3 1-0

[Event "Hell op"]
[Site "Hell"]
[Date "2019.08.08"]
[Round "7"]
[White "Janzelj, Lara"]
[Black "Rygg, Andreas Gangstad"]
[Result "1-0"]
[WhiteElo "2191"]
[BlackElo "1945"]
[PlyCount "45"]
[EventDate "2019.08.03"]
[EventType "swiss"]
[EventRounds "10"]
[EventCountry "NOR"]
[SourceTitle "CBM 191 Extra"]
[Source "ChessBase"]
[SourceDate "2019.09.30"]
[SourceVersion "1"]
[SourceVersionDate "2019.09.30"]
[SourceQuality "1"]

1. d4 d5 2. c4 e6 3. Nf3 Nf6 4. g3 Be7 5. Bg2 0-0 6. 0-0 b6 7. Qc2 Bb7 8. Ne5 Nfd7 9. Rd1 Qc8 10. cxd5 exd5 11. Nc3 Nxe5 12. dxe5 c6 13. e4 dxe4 14. Bxe4 g6 15. Bh6 Re8 16. Nb5 Na6 17. Nd6 Bxd6 18. exd6 Qe6 19. Qc3 f6 20. d7 Red8 21. Bc2 Qe5 22. Qc4+ Kh8 23. Qf7 1-0

[Event "Hell op"]
[Site "Hell"]
[Date "2019.08.04"]
[Round "3"]
[White "Langmyhr, Tore"]
[Black "Rygg, Andreas Gangstad"]
[Result "0-1"]
[WhiteElo "1934"]
[BlackElo "1945"]
[PlyCount "112"]
[EventDate "2019.08.03"]
[EventType "swiss"]
[EventRounds "10"]
[EventCountry "NOR"]
[SourceTitle "CBM 191 Extra"]
[Source "ChessBase"]
[SourceDate "2019.09.30"]
[SourceVersion "1"]
[SourceVersionDate "2019.09.30"]
[SourceQuality "1"]

1. c4 c5 2. Nc3 Nc6 3. g3 g6 4. Bg2 Bg7 5. e3 Nf6 6. Nge2 d6 7. 0-0 0-0 8. a3 Bd7 9. h3 Rb8 10. Rb1 Ne5 11. d3 Qc8 12. f4 Nc6 13. Kh2 a6 14. b4 cxb4 15. axb4 b5 16. cxb5 axb5 17. Bd2 Ne8 18. Qc2 Nc7 19. Rfc1 Rb6 20. Ne4 Na6 21. Qd1 Qb8 22. Nf2 Rc8 23. Qh1 Rc7 24. h4 Qc8 25. Bf3 Be6 26. d4 Nd8 27. d5 Bd7 28. Rxc7 Nxc7 29. Rc1 e6 30. e4 Ra6 31. Be3 Qb8 32. Nd4 Ra3 33. Nc2 Rb3 34. Bg2 Na8 35. Qd1 Nb6 36. Bd4 e5 37. fxe5 Bxe5 38. Bxe5 dxe5 39. Nd3 Nb7 40. Nc5 Rb2 41. Nxd7 Nxd7 42. Rb1 Rxb1 43. Qxb1 Nd6 44. Ne3 Qc7 45. Qd3 Qc1 46. Ng4 Qb2 47. Qf3 Qxb4 48. h5 Qd2 49. hxg6 hxg6 50. Nf6+ Nxf6 51. Qxf6 Nc4 52. Kg1 b4 53. Bf1 Qd4+ 54. Kh2 Nd2 55. Bg2 b3 56. d6 b2 0-1

[Event "Helsingor Xtracon op"]
[Site "Helsingor"]
[Date "2019.07.28"]
[Round "10"]
[White "Huse, Sigurd Kjelsbol"]
[Black "Rygg, Andreas Gangstad"]
[Result "1/2-1/2"]
[WhiteElo "2122"]
[BlackElo "1923"]
[PlyCount "119"]
[EventDate "2019.07.20"]
[EventType "swiss"]
[EventRounds "10"]
[EventCountry "DEN"]
[SourceTitle "CBM 191 Extra"]
[Source "ChessBase"]
[SourceDate "2019.09.30"]
[SourceVersion "1"]
[SourceVersionDate "2019.09.30"]
[SourceQuality "1"]

1. e4 c5 2. Nf3 g6 3. d4 cxd4 4. Nxd4 Nc6 5. c4 Nf6 6. Nc3 Nxd4 7. Qxd4 d6 8. f3 Bg7 9. Be3 0-0 10. Qd2 Be6 11. Be2 a5 12. Na4 Nd7 13. 0-0 Qc7 14. Rac1 Nc5 15. Nc3 a4 16. Rb1 Qa5 17. Rfc1 Rfc8 18. Qc2 Nd7 19. Nb5 Ne5 20. b3 axb3 21. axb3 Nc6 22. Qd1 Nb4 23. Kh1 Bd7 24. Bd2 Bxb5 25. cxb5 Qa3 26. Bc4 Na2 27. Rc2 Nb4 28. Bxb4 Qxb4 29. Qd5 e6 30. Qxb7 Qc5 31. Bd3 Bc3 32. Rbc1 Ra7 33. b4 Rxb7 34. bxc5 Bd4 35. cxd6 Rd8 36. Rc7 Rb6 37. d7 Rd6 38. e5 Bxe5 39. Be4 R6xd7 40. Rxd7 Rxd7 41. b6 f5 42. Bc6 Rd8 43. g3 Kf7 44. b7 Ke7 45. f4 Bb8 46. Re1 Rd6 47. Bf3 Rb6 48. Kg2 Rb2+ 49. Re2 Rxe2+ 50. Bxe2 e5 51. Kf3 exf4 52. gxf4 Kf6 53. h4 h6 54. Bb5 g5 55. fxg5+ hxg5 56. h5 Kg7 57. Be8 Kh6 58. Bg6 Bc7 59. Ke3 g4 60. Bxf5 1/2-1/2

[Event "Helsingor Xtracon op"]
[Site "Helsingor"]
[Date "2019.07.20"]
[Round "1"]
[White "Rygg, Andreas Gangstad"]
[Black "Kryakvin, Dmitry"]
[Result "0-1"]
[WhiteElo "1923"]
[BlackElo "2586"]
[PlyCount "80"]
[EventDate "2019.07.20"]
[EventType "swiss"]
[EventRounds "10"]
[EventCountry "DEN"]
[SourceTitle "CBM 191 Extra"]
[Source "ChessBase"]
[SourceDate "2019.09.30"]
[SourceVersion "1"]
[SourceVersionDate "2019.09.30"]
[SourceQuality "1"]

1. e4 c5 2. Be2 g6 3. f4 Bg7 4. Nf3 d6 5. 0-0 Nf6 6. d3 0-0 7. c3 c4 8. Na3 cxd3 9. Bxd3 Nbd7 10. Bc2 b6 11. Qe2 Nc5 12. e5 Ba6 13. c4 dxe5 14. Nxe5 e6 15. Be3 Qc7 16. Rad1 Rad8 17. Bd4 Nd5 18. Nb5 Bxb5 19. cxb5 Ne7 20. Qc4 Rc8 21. Rf3 Qb7 22. Qe2 Rfd8 23. b4 Nd7 24. Be4 Qb8 25. Nc6 Bxd4+ 26. Rxd4 Nxc6 27. bxc6 Nf6 28. Rxd8+ Rxd8 29. b5 Rd4 30. Bc2 Rxf4 31. Rd3 Kg7 32. Qd2 Qc7 33. Rd6 Rc4 34. Qd3 Rxc2 35. Qxc2 Qxd6 36. c7 Qd4+ 37. Kf1 Nd5 38. c8Q Ne3+ 39. Ke2 Nxc2 40. Qxc2 Qe5+ 0-1

[Event "Helsingor Xtracon op"]
[Site "Helsingor"]
[Date "2018.07.21"]
[Round "1"]
[White "Crevatin, Leo"]
[Black "Rygg, Andreas Gangstad"]
[Result "1-0"]
[WhiteElo "2224"]
[BlackElo "1759"]
[PlyCount "109"]
[EventDate "2018.07.21"]
[EventType "swiss"]
[EventRounds "10"]
[EventCountry "DEN"]
[SourceTitle "CBM 185 Extra"]
[Source "ChessBase"]
[SourceDate "2018.07.29"]
[SourceVersion "1"]
[SourceVersionDate "2018.07.29"]
[SourceQuality "1"]

1. d4 Nf6 2. c4 g6 3. f3 d5 4. cxd5 Nxd5 5. e4 Nb6 6. Nc3 Bg7 7. Be3 0-0 8. Qd2 Nc6 9. 0-0-0 e5 10. d5 Nd4 11. f4 Bg4 12. Re1 f6 13. h3 Bd7 14. Bxd4 exd4 15. Qxd4 Qe7 16. Nf3 Rad8 17. Bd3 Bc8 18. Rd1 c6 19. Bc4 cxd5 20. Nxd5 Nxd5 21. Bxd5+ Kh8 22. Kb1 b6 23. Qc4 Bb7 24. Bxb7 Qxb7 25. Rxd8 Rxd8 26. Rc1 Bf8 27. e5 fxe5 28. Nxe5 Re8 29. Qa4 Re7 30. Qd4 Kg8 31. g4 Rc7 32. Rxc7 Qxc7 33. Qc4+ Qxc4 34. Nxc4 Kf7 35. Kc2 Ke6 36. Kd3 Bh6 37. Ke4 Bg7 38. Ne5 b5 39. b3 Bf8 40. Nc6 Kd6 41. Nxa7 Kc5 42. a4 bxa4 43. bxa4 Bg7 44. Nb5 Bb2 45. Nc7 Kd6 46. Nd5 Ke6 47. a5 Kd6 48. f5 gxf5+ 49. gxf5 Ba3 50. a6 Bc5 51. h4 Kc6 52. Ke5 h5 53. Ke6 Bf2 54. f6 Bxh4 55. f7 1-0

[Event "Helsingor Xtracon op"]
[Site "Helsingor"]
[Date "2017.07.30"]
[Round "10"]
[White "Rygg, Andreas Gangstad"]
[Black "Hjornevik, Oyvind"]
[Result "1-0"]
[WhiteElo "1633"]
[BlackElo "1365"]
[PlyCount "99"]
[EventDate "2017.07.22"]
[EventType "swiss"]
[EventRounds "10"]
[EventCountry "DEN"]
[SourceTitle "CBM 179 Extra"]
[Source "ChessBase"]
[SourceDate "2017.08.23"]
[SourceVersion "1"]
[SourceVersionDate "2017.08.23"]
[SourceQuality "1"]

1. e4 c5 2. Be2 d6 3. f4 Nf6 4. d3 Nc6 5. Nf3 e6 6. 0-0 Be7 7. c3 0-0 8. Na3 Qb6 9. Kh1 Rd8 10. Nc2 c4 11. Rb1 Ng4 12. d4 Na5 13. Ne3 Nxe3 14. Bxe3 d5 15. Nd2 Qc6 16. exd5 Qxd5 17. Bf3 Qd7 18. Qe2 Qc7 19. b4 cxb3 20. Nxb3 Nxb3 21. Rxb3 Rb8 22. Rfb1 b6 23. a4 Bd7 24. Qa2 Rbc8 25. Bd2 Bc6 26. Bxc6 Qxc6 27. a5 bxa5 28. Qxa5 Rd7 29. Qb5 Qxb5 30. Rxb5 h6 31. h3 Kh7 32. f5 exf5 33. Rxf5 f6 34. Ra5 Rcc7 35. Kg1 Kg6 36. Kf2 f5 37. Ke2 Bg5 38. Rf1 Bxd2 39. Kxd2 Rf7 40. Kd3 Kg5 41. c4 g6 42. d5 Rfe7 43. d6 Rcd7 44. c5 Re4 45. Rfa1 Re5 46. Kd4 Ree7 47. Kd5 Kf6 48. Kc6 Rg7 49. Re1 g5 50. Kd5 1-0

[Event "Helsingor Xtracon op"]
[Site "Helsingor"]
[Date "2017.07.29"]
[Round "9"]
[White "Hein, Jacob"]
[Black "Rygg, Andreas Gangstad"]
[Result "0-1"]
[WhiteElo "1479"]
[BlackElo "1633"]
[PlyCount "56"]
[EventDate "2017.07.22"]
[EventType "swiss"]
[EventRounds "10"]
[EventCountry "DEN"]
[SourceTitle "CBM 179 Extra"]
[Source "ChessBase"]
[SourceDate "2017.08.23"]
[SourceVersion "1"]
[SourceVersionDate "2017.08.23"]
[SourceQuality "1"]

1. d4 f5 2. Bg5 Nf6 3. Nc3 d6 4. g3 g6 5. Qd2 Bg7 6. Bh6 0-0 7. f3 e5 8. Bxg7 Kxg7 9. h4 exd4 10. Qxd4 Nc6 11. Qd2 Nh5 12. Rh3 Qe7 13. Nd5 Qf7 14. e3 Be6 15. Bc4 Ne5 16. Qd4 c5 17. Qc3 Bxd5 18. Bxd5 Qxd5 19. b3 Kg8 20. Qd2 Nxf3+ 21. Nxf3 Qxf3 22. Qf2 Qxf2+ 23. Kxf2 Rfe8 24. Rd1 Re6 25. Rd3 Nf6 26. Rh1 Rae8 27. Kf3 Ng4 28. Re1 Ne5+ 0-1

[Event "Helsingor Xtracon op"]
[Site "Helsingor"]
[Date "2017.07.27"]
[Round "7"]
[White "Bering, Anders"]
[Black "Rygg, Andreas Gangstad"]
[Result "1-0"]
[WhiteElo "1940"]
[BlackElo "1633"]
[PlyCount "47"]
[EventDate "2017.07.22"]
[EventType "swiss"]
[EventRounds "10"]
[EventCountry "DEN"]
[SourceTitle "CBM 179 Extra"]
[Source "ChessBase"]
[SourceDate "2017.08.23"]
[SourceVersion "1"]
[SourceVersionDate "2017.08.23"]
[SourceQuality "1"]

1. e4 c5 2. Nf3 g6 3. d4 cxd4 4. Nxd4 Bg7 5. c4 Nc6 6. Be3 Nf6 7. Nc3 Ng4 8. Qxg4 Nxd4 9. Qd1 Ne6 10. Be2 b6 11. 0-0 Bb7 12. f3 0-0 13. Qd2 Qc7 14. Nd5 Qd8 15. Rac1 Rc8 16. b4 d6 17. Rfd1 Nc7 18. Nxc7 Qxc7 19. c5 bxc5 20. bxc5 Rfd8 21. cxd6 Qxd6 22. Rxc8 Bxc8 23. Qc2 Qxd1+ 24. Bxd1 1-0

[Event "Helsingor Xtracon op"]
[Site "Helsingor"]
[Date "2017.07.24"]
[Round "4"]
[White "Rygg, Andreas Gangstad"]
[Black "Hansen, Ib Lynaes"]
[Result "1/2-1/2"]
[WhiteElo "1633"]
[BlackElo "1839"]
[PlyCount "131"]
[EventDate "2017.07.22"]
[EventType "swiss"]
[EventRounds "10"]
[EventCountry "DEN"]
[SourceTitle "CBM 179 Extra"]
[Source "ChessBase"]
[SourceDate "2017.08.23"]
[SourceVersion "1"]
[SourceVersionDate "2017.08.23"]
[SourceQuality "1"]

1. e4 e6 2. b3 b6 3. Bb2 Bb7 4. Nc3 Nf6 5. e5 Nd5 6. Qg4 Nb4 7. 0-0-0 h5 8. Qg3 Rh6 9. a3 h4 10. Qh3 Nd5 11. Nxd5 Bxd5 12. Be2 Bb7 13. Bf3 Nc6 14. Ne2 Qg5 15. Nd4 0-0-0 16. Nxc6 dxc6 17. Rhe1 Bc5 18. Qg4 Qxg4 19. Bxg4 Rd7 20. f4 Bd4 21. c3 Bc5 22. f5 Be7 23. fxe6 fxe6 24. Rf1 c5 25. Bh3 Rg6 26. Rf2 b5 27. Rdf1 Kd8 28. Kc2 c4 29. b4 Be4+ 30. Kd1 Bd3 31. Re1 Rd5 32. Rf7 Kd7 33. Rf4 Ke8 34. Rg4 Kd7 35. Rxg6 Bxg6 36. Bg4 Bg5 37. Bc1 Ke7 38. d4 Bxc1 39. Kxc1 Rd8 40. Rf1 Be4 41. Rf2 Rh8 42. Kd2 Rh6 43. Ke3 Bd5 44. Kf4 Rg6 45. Bh5 Rxg2 46. Rxg2 Bxg2 47. Kg5 h3 48. Kg6 Kf8 49. Bg4 Be4+ 50. Kg5 Bd5 51. Bxh3 Kf7 52. Bg4 Kf8 53. Bd1 Bc6 54. Bc2 Bd5 55. a4 a6 56. axb5 axb5 57. h4 Kg8 58. Kf4 Kf7 59. h5 Ke7 60. Kg5 Bc6 61. Bd1 Be4 62. Bg4 Kf7 63. Bh3 Ke7 64. Kf4 Bd5 65. Kg5 Be4 66. Kf4 1/2-1/2

[Event "Helsingor Xtracon op"]
[Site "Helsingor"]
[Date "2017.07.23"]
[Round "3"]
[White "Westerlund, Ola"]
[Black "Rygg, Andreas Gangstad"]
[Result "1/2-1/2"]
[WhiteElo "1910"]
[BlackElo "1633"]
[PlyCount "76"]
[EventDate "2017.07.22"]
[EventType "swiss"]
[EventRounds "10"]
[EventCountry "DEN"]
[SourceTitle "CBM 179 Extra"]
[Source "ChessBase"]
[SourceDate "2017.08.23"]
[SourceVersion "1"]
[SourceVersionDate "2017.08.23"]
[SourceQuality "1"]

1. d4 Nf6 2. c4 e5 3. dxe5 Ng4 4. Nf3 Bc5 5. e3 Nc6 6. a3 a5 7. b3 Ngxe5 8. Bb2 d6 9. Be2 0-0 10. 0-0 Re8 11. Nd4 Bd7 12. Nd2 Bb6 13. Qc2 Ng6 14. N2f3 Nce5 15. Rad1 Qc8 16. Rd2 Bg4 17. Qc3 Nxf3+ 18. gxf3 Bh3 19. Rfd1 f6 20. Kh1 Nf8 21. Rg1 Kh8 22. Rg3 Bf5 23. Nxf5 Qxf5 24. Bd3 Qe5 25. Qc1 Qe7 26. Qg1 Ne6 27. Bc2 c6 28. Qg2 Bc7 29. Qh3 Nf8 30. f4 Rad8 31. Qh4 d5 32. c5 b6 33. Bg6 Nxg6 34. Rxg6 Qe4+ 35. Rg2 Qb1+ 36. Rg1 Qe4+ 37. Rg2 Qb1+ 38. Rg1 Qe4+ 1/2-1/2

[Event "Helsingor Xtracon op"]
[Site "Helsingor"]
[Date "2016.07.24"]
[Round "2"]
[White "Meyer, Juergen"]
[Black "Rygg, Andreas Gangstad"]
[Result "1-0"]
[WhiteElo "1925"]
[BlackElo "1631"]
[PlyCount "53"]
[EventDate "2016.07.23"]
[EventType "swiss"]
[EventRounds "10"]
[EventCountry "DEN"]
[SourceTitle "CBM 173 Extra"]
[Source "ChessBase"]
[SourceDate "2016.08.29"]
[SourceVersion "1"]
[SourceVersionDate "2016.08.29"]
[SourceQuality "1"]

1. e4 d5 2. exd5 Qxd5 3. Nc3 Qd6 4. d4 Nf6 5. Nf3 a6 6. Be2 b5 7. 0-0 e6 8. Ne5 Nbd7 9. Bf3 Rb8 10. Bf4 Nxe5 11. Bxe5 Qd8 12. d5 Bd6 13. Bxd6 Qxd6 14. dxe6 Qxd1 15. exf7+ Kxf7 16. Raxd1 Bf5 17. Nd5 Bxc2 18. Rc1 Be4 19. Rxc7+ Ke6 20. Bxe4 Nxe4 21. Ne3 g5 22. Rfc1 Rb6 23. f3 Nd6 24. Ng4 h5 25. Re1+ Kd5 26. Nf6+ Kd4 27. Rd1+ 1-0

[Event "Helsingor Xtracon op"]
[Site "Helsingor"]
[Date "2016.07.24"]
[Round "3"]
[White "Rygg, Andreas Gangstad"]
[Black "Frederiksen, Jacob"]
[Result "1-0"]
[WhiteElo "1631"]
[BlackElo "1382"]
[PlyCount "73"]
[EventDate "2016.07.23"]
[EventType "swiss"]
[EventRounds "10"]
[EventCountry "DEN"]
[SourceTitle "CBM 173 Extra"]
[Source "ChessBase"]
[SourceDate "2016.08.29"]
[SourceVersion "1"]
[SourceVersionDate "2016.08.29"]
[SourceQuality "1"]

1. e4 c5 2. b3 e6 3. Bb2 Nf6 4. e5 Nd5 5. Nc3 Ne7 6. Ne4 Ng6 7. Nf3 Be7 8. Nd6+ Bxd6 9. exd6 0-0 10. d4 Qa5+ 11. c3 cxd4 12. b4 Qb6 13. Qxd4 Qxd4 14. Nxd4 a6 15. c4 Nc6 16. Nxc6 bxc6 17. c5 a5 18. a3 Ba6 19. Bxa6 Rxa6 20. Kd2 Rb8 21. Bc3 Nf4 22. Rhb1 a4 23. Kc2 Ra7 24. Re1 f5 25. g3 Nd5 26. h3 h5 27. Rg1 Kf7 28. g4 Nxc3 29. Kxc3 g6 30. gxh5 gxh5 31. Rg5 Rh8 32. Rag1 Rh7 33. Rg8 Kf6 34. f4 h4 35. Rc8 Rg7 36. Rxg7 Kxg7 37. Rc7 1-0